LEADER 01357nam a2200313 a 4500 001 000000138677 003 CaOOAMICUS 005 20140609102852.0 008 140609s2008 gw u000 u ger r 020 $a978-3-506-76507-9 040 $aPUL$bita 082 04$a303.3 100 1 $aKüppers, Arnd.$0(OLS)http://pul/name/86031 245 10$aGerechtigkeit in der modernen Arbeitsgesellschaft und Tarifautonomie /$cArnd Küppers. 260 $aPaderborn :$bF. Schöningh,$c2008. 300 $aXIV, 544 p. ;$c24 cm 490 1 $aAbhandlungen zur Sozialethik ;$vBd. 50 504 $aBibliografia: p. 491-542. 650 4$aGiustizia sociale.$0(OLS)http://pul/subject/19581 710 2 $aUniversität Augsburg.$0(OLS)http://pul/name/2445 830 0$aAbhandlungen zur Sozialethik ;$vBd. 50.$0(OLS)http://pul/title/3365 850 $aPUL 852 $aPUL$W1$xDP2 Diritto e Scienze Sociali 3$y110$m303. 3 KUPAR 1$j160066$qDDC 21$B159533$CPULBib$Z2$F159533 $H124164 $82 941 1 $a9 996 $6020$a978-3-506-76507-9$9(OLS)http://pul/number/155431 996 $6082$a303.3$9(OLS)http://pul/classification/1730 996 $6245$aGerechtigkeit in der modernen Arbeitsgesellschaft und Tarifautonomie$9(OLS)http://pul/title/175570 996 $6260$aPaderborn :$bF. Schöningh$9(OLS)http://pul/publisher/47993 LEADER 01513nam a2200265 u 4500 001 000000105783 003 CaOOAMICUS 005 20070621115917.0 008 070621s2005 it u000 u ita u 020 $a88-13-26089-X 040 $aPUL$bita$dLDB 100 1 $aFerri, Giampietro.$0(OLS)http://pul/name/64969 245 10$aMagistratura e potere politico :$bla vicenda costituzionale dei mutamenti del sistema elettorale e della composizione del Consiglio Superiore della Magistratura /$cGiampietro Ferri. 260 $aPadova :$bCEDAM,$c2005. 300 $axvii, 511 p. ;$c24 cm 490 1 $aUniversità degli Studi di Verona.$aPubblicazioni della facoltà di Giurisprudenza.$aMonografie ;$v16 504 $aBibliografia : p. [447]-498. 610 14$aItalia.$bConsiglio superiore della Magistratura.$0(OLS)http://pul/subject/21735 830 0$aUniversità degli Studi di Verona.$pPubblicazioni della facoltà di Giurisprudenza.$pMonografie ;$v16.$0(OLS)http://pul/title/99235 850 $aPUL 852 $aPUL$W1$xSL Diritto e Scienze Sociali 3$y79$m347. 45014 FERGI 1$j118682$qDDC 21$B118536$CPULBib$Z2$F118536 $H104195 $82 941 1 $a9 996 $6020$a88-13-26089-X$9(OLS)http://pul/number/134953 996 $6245$aMagistratura e potere politico :$bla vicenda costituzionale dei mutamenti del sistema elettorale e della composizione del Consiglio Superiore della Magistratura$9(OLS)http://pul/title/133160 996 $6260$aPadova :$bCEDAM$9(OLS)http://pul/publisher/48126